[Event "Rohde op 09th"]
[Site "Sautron"]
[Date "2009.10.29"]
[Round "7"]
[White "Vernay, Clovis"]
[Black "Yeremenko, Andrei V"]
[Result "1-0"]
[WhiteElo "2458"]
[BlackElo "2043"]
[PlyCount "43"]
[EventDate "2009.10.24"]
[EventType "swiss"]
[EventRounds "9"]
[EventCountry "FRA"]
[SourceTitle "EXT 2010"]
[Source "ChessBase"]
[SourceDate "2010.11.25"]
[SourceVersion "1"]
[SourceVersionDate "2010.11.25"]
[SourceQuality "1"]

1. d4 d5 2. c4 e6 3. Nc3 Nf6 4. cxd5 exd5 5. Bg5 c6 6. Qc2 Be7 7. e3 Nbd7 8. Bd3 Nf8 9. Nge2 Ng6 10. h4 Nh5 11. Bxe7 Qxe7 12. 0-0-0 Bg4 13. Kb1 Bxe2 14. Qxe2 Nf6 15. g4 0-0-0 16. g5 Nd7 17. Qf3 f6 18. Qg3 Rdg8 19. e4 dxe4 20. Nxe4 Nb6 21. Nd6+ Kd8 22. h5 1-0

[Event "LSS ZN-2009-0-00539"]
[Site "LSS email"]
[Date "2009.02.10"]
[Round "?"]
[White "Bester, Kazimierz"]
[Black "Yeremenko, Andrei V"]
[Result "0-1"]
[WhiteElo "719"]
[BlackElo "2420"]
[PlyCount "62"]
[EventDate "2009.02.04"]
[EventType "match (corr)"]
[EventRounds "2"]
[EventCountry "GER"]
[SourceTitle "Telechess CBM 147"]
[Source "ChessBase"]
[SourceDate "2012.03.16"]
[SourceVersion "1"]
[SourceVersionDate "2012.03.16"]
[SourceQuality "1"]

1. e4 c6 2. Nf3 d5 3. exd5 cxd5 4. d4 Nf6 5. Nc3 g6 6. Bg5 Bg7 7. Qd2 Ne4 8. Nxe4 dxe4 9. Nh4 h6 10. Bb5+ Bd7 11. Bxd7+ Qxd7 12. Be3 g5 13. Nf3 exf3 14. gxf3 Nc6 15. 0-0-0 Qd5 16. Kb1 0-0-0 17. h4 gxh4 18. Rxh4 h5 19. Qc3 Bf6 20. Rh3 Kb8 21. f4 e6 22. Rhh1 Rc8 23. Qb3 Ne7 24. Rd3 Qxh1+ 25. Bc1 Rhg8 26. c3 Rg1 27. Qc2 Rcg8 28. a3 Re1 29. Re3 Rf1 30. Rg3 Rg1 31. Rxg8+ Nxg8 0-1